000 00368nam a2200157Ia 4500
008 230524s9999 xx 000 0 und d
082 _a515.35
_bBRO
100 _aRichard Bronson
245 0 _aDifferential equation
250 _a2ND
260 _aNEW DELHI
_bTMH
_c2009
300 _aX;356
500 _aQuantity Number: 2
650 _aMathematics
942 _cBK
999 _c33554
_d33554